000 01042cam a2200301 a 4500
001 16859863
003 ARRUPE
005 20130917163241.0
008 110707s2011 ie b 000 0 eng
010 _a 2010681017
020 _a9781856077293
020 _a1856077292
040 _aDLC
_cDLC
042 _apcc
050 0 0 _aBX1505.2
_b.O49 2011
100 1 _aO'Hanlon, Gerard F.
_9379
245 1 2 _aA new vision for the Catholic Church :
_ba view from Ireland /
_cGerry O'Hanlon.
260 _aBlackrock, Co Dublin :
_bColumba Press,
_c2011.
300 _a116 p. ;
_c21 cm.
504 _aIncludes bibliographical references (p. 115-116).
610 2 0 _aCatholic Church
_zIreland.
_9380
610 2 0 _aCatholic Church
_zIreland
_xHistory
_y20th century.
_9381
610 2 0 _aCatholic Church
_zIreland
_y21st century.
_9382
650 0 _aChurch renewal
_xCatholic Church.
_9383
906 _a7
_bcbc
_corigres
_d2
_encip
_f20
_gy-gencatlg
942 _2lcc
_cMONOGRAPH
999 _c117837
_d117837